Paroles - Left And Right - Kidtonik - Statistiques

Statistiques générales
  • Ce quiz a été pris 7 fois
  • Le résultat moyen est 85 sur 132
Statistiques - réponses
Paroles % Correct
le
100%
Left
100%
right.
100%
à
83%
and
83%
Bouge
83%
de
83%
De
83%
droite
83%
et
83%
gauche
83%
la
83%
qu'on
83%
vie,
83%
vie
83%
aimer.
67%
avant
67%
Avant
67%
Bouger
67%
bouger
67%
cette
67%
des
67%
les
67%
nos
67%
nous
67%
nuit,
67%
on
67%
67%
perde.
67%
Pour
67%
pouvoir
67%
son.
67%
son
67%
têtes.
67%
va.
67%
y
67%
chemin.
50%
coeur
50%
Crier
50%
fleurs
50%
fort,
50%
meilleur
50%
monter
50%
plus
50%
prochain.
50%
rêves.
50%
seconde
50%
s'en
50%
sur
50%
Chaque
33%
Lever
33%
l'horizon.
33%
mains
33%
mènes.
33%
Offrir
33%
perdre.
33%
raison.
33%
Rêver
33%
sans
33%
temps
33%
vers
33%
aller.
17%
comptée.
17%
d'ailleurs,
17%
est
17%
l'unisson.
17%
monde
17%
Couplet 1
0%
Couplet 2
0%
Refrain
0%
Refrain X3
0%
Aucun quiz correspondant
Distribution des résultats
% des personnes avec chaque résultat
Percentile par nombre de réponses
Votre historique - résultats
Vous n’avez pas pris ce quiz